000 00278nam a2200121Ia 4500
005 20251222154328.0
008 251222s9999||||xx |||||||||||||| ||spa||
020 _a84-306-2176-8
082 _a372.4/I78
100 _a"Iser, Wolfgang"
245 0 _aEL acto de leer
942 _cLIB
999 _c34059
_d34059